| 000 | 00500nam a2200181 4500 | ||
|---|---|---|---|
| 003 | DO-SdBNP | ||
| 005 | 20161104102015.0 | ||
| 008 | 161104b1981 mx||||| |||| 00| 0 spa d | ||
| 020 | _a0531043460 | ||
| 040 |
_aBPMSU _bspa _cBPMSU |
||
| 100 | _aArdley, Neil | ||
| 245 |
_aTrasnporte sobre la tierra / _cNeil Ardley |
||
| 260 |
_aMéxico : _bCompañia Editorial Continental _c1981 |
||
| 300 |
_a35 p. : _bil. : _c29 cm |
||
| 490 | _aEl mundo del mañana | ||
| 942 |
_2ddc _cBK |
||
| 956 | _adgarcia | ||
| 999 |
_c11781 _d11781 |
||